Umweltbelastungen und Infertilität

Saved in:
Bibliographic Details
Main Authors: Gerhard, Ingrid (Author) , Runnebaum, Benno (Author)
Format: Chapter/Article
Language:German
Published: 1994
In: Gynäkologische Endokrinologie und Fortpflanzungsmedizin ; 2: Fortpflanzungsmedizin
Year: 1994, Pages: 209-251
Online Access: Get full text
Author Notes:I. Gerhard, B. Runnebaum

MARC

LEADER 00000caa a2200000 c 4500
001 1922962139
003 DE-627
005 20250717010316.0
007 tu
008 250415s1994 xx ||||| 00| ||ger c
035 |a (DE-627)1922962139 
035 |a (DE-599)KXP1922962139 
035 |a (OCoLC)1528044642 
040 |a DE-627  |b ger  |c DE-627  |e rda 
041 |a ger 
084 |a 33  |2 sdnb 
100 1 |a Gerhard, Ingrid  |e VerfasserIn  |0 (DE-588)12052807X  |0 (DE-627)080730108  |0 (DE-576)164618805  |4 aut 
245 1 0 |a Umweltbelastungen und Infertilität  |c I. Gerhard, B. Runnebaum 
264 1 |c 1994 
300 |a 43 
336 |a Text  |b txt  |2 rdacontent 
337 |a ohne Hilfsmittel zu benutzen  |b n  |2 rdamedia 
338 |a Band  |b nc  |2 rdacarrier 
700 1 |a Runnebaum, Benno  |d 1933-  |e VerfasserIn  |0 (DE-588)105969656  |0 (DE-627)690916620  |0 (DE-576)355816253  |4 aut 
773 0 8 |i Enthalten in  |t Gynäkologische Endokrinologie und Fortpflanzungsmedizin ; 2: Fortpflanzungsmedizin  |d Berlin : Springer, 1994  |g (1994), Seite 209-251  |h VI, 498 S.  |w (DE-627)1111116377  |w (DE-576)041116372  |z 354057347X  |7 nnam  |a Umweltbelastungen und Infertilität 
773 1 8 |g year:1994  |g pages:209-251  |g extent:43  |a Umweltbelastungen und Infertilität 
951 |a AR 
992 |a 20250415 
993 |a BookComponentPart 
994 |a 1994 
998 |g 105969656  |a Runnebaum, Benno  |m 105969656:Runnebaum, Benno  |d 910000  |d 910400  |e 910000PR105969656  |e 910400PR105969656  |k 0/910000/  |k 1/910000/910400/  |p 2  |y j 
998 |g 12052807X  |a Gerhard, Ingrid  |m 12052807X:Gerhard, Ingrid  |d 910000  |d 910400  |e 910000PG12052807X  |e 910400PG12052807X  |k 0/910000/  |k 1/910000/910400/  |p 1  |x j 
999 |a KXP-PPN1922962139  |e 4705698487 
BIB |a Y 
JSO |a {"recId":"1922962139","name":{"displayForm":["I. Gerhard, B. Runnebaum"]},"relHost":[{"disp":"Umweltbelastungen und InfertilitätGynäkologische Endokrinologie und Fortpflanzungsmedizin ; 2: Fortpflanzungsmedizin","title":[{"title":"Fortpflanzungsmedizin"}],"origin":[{"publisherPlace":"Berlin ; Heidelberg","dateIssuedDisp":"1994","publisher":"Springer","dateIssuedKey":"1994"}],"part":{"extent":"43","text":"(1994), Seite 209-251","pages":"209-251","year":"1994"},"type":{"bibl":"book"},"relMultPart":[{"ga":1,"recId":"1111067473","name":{"displayForm":["B. Runnebaum; T. Rabe. Unter Mitarb. von ..."]},"person":[{"family":"Runnebaum","given":"Benno","display":"Runnebaum, Benno","role":"edt"},{"family":"Rabe","given":"Thomas","display":"Rabe, Thomas","role":"oth"}],"part":{"number":["2"],"number_sort":["2"]},"type":{"bibl":"edited-book"},"language":["ger"],"id":{"eki":["1111067473"]},"origin":[{"publisher":"Springer","dateIssuedDisp":"19XX-","publisherPlace":"Berlin ; Heidelberg [u.a.]"}],"title":[{"title":"Gynäkologische Endokrinologie und Fortpflanzungsmedizin","title_sort":"Gynäkologische Endokrinologie und Fortpflanzungsmedizin"}]}],"physDesc":[{"noteIll":"Ill., graph. Darst.","extent":"VI, 498 S."}],"id":{"eki":["1111116377"],"isbn":["354057347X"]},"language":["ger"],"recId":"1111116377"}],"title":[{"title":"Umweltbelastungen und Infertilität","title_sort":"Umweltbelastungen und Infertilität"}],"origin":[{"dateIssuedDisp":"1994","dateIssuedKey":"1994"}],"type":{"bibl":"chapter"},"person":[{"role":"aut","display":"Gerhard, Ingrid","given":"Ingrid","family":"Gerhard"},{"display":"Runnebaum, Benno","role":"aut","family":"Runnebaum","given":"Benno"}],"physDesc":[{"extent":"43 S."}],"id":{"eki":["1922962139"]},"language":["ger"]} 
SRT |a GERHARDINGUMWELTBELA1994